<?xml version="1.0" encoding="UTF-8"?>
<record
    xmlns:xsi="http://www.w3.org/2001/XMLSchema-instance"
    xsi:schemaLocation="http://www.loc.gov/MARC21/slim http://www.loc.gov/standards/marcxml/schema/MARC21slim.xsd"
    xmlns="http://www.loc.gov/MARC21/slim">

  <leader>00747nam a22002537a 4500</leader>
  <controlfield tag="003">OSt</controlfield>
  <controlfield tag="008">260303b2023    |||||||| |||| 00| 0 eng d</controlfield>
  <datafield tag="020" ind1=" " ind2=" ">
    <subfield code="a">9781647824761</subfield>
  </datafield>
  <datafield tag="082" ind1=" " ind2=" ">
    <subfield code="a">658.4022</subfield>
    <subfield code="b">ANC-X</subfield>
  </datafield>
  <datafield tag="100" ind1=" " ind2=" ">
    <subfield code="a">Ancona, Deborah</subfield>
  </datafield>
  <datafield tag="245" ind1=" " ind2=" ">
    <subfield code="a">X - teams :</subfield>
    <subfield code="b">how to build teams that lead innovate and succeed /</subfield>
    <subfield code="c">Deborah Ancona and Henrik Bresman</subfield>
  </datafield>
  <datafield tag="260" ind1=" " ind2=" ">
    <subfield code="a">Boston :</subfield>
    <subfield code="b">Harvard Business Review,</subfield>
    <subfield code="c">2023.</subfield>
  </datafield>
  <datafield tag="300" ind1=" " ind2=" ">
    <subfield code="a">xvi, 195 p. ;</subfield>
  </datafield>
  <datafield tag="650" ind1=" " ind2=" ">
    <subfield code="a">Teams in the workplace</subfield>
  </datafield>
  <datafield tag="650" ind1=" " ind2=" ">
    <subfield code="a">Teamwork</subfield>
  </datafield>
  <datafield tag="650" ind1=" " ind2=" ">
    <subfield code="a">Leadership</subfield>
  </datafield>
  <datafield tag="650" ind1=" " ind2=" ">
    <subfield code="a">Organizational innovation</subfield>
  </datafield>
  <datafield tag="650" ind1=" " ind2=" ">
    <subfield code="a">Organizational behavior</subfield>
  </datafield>
  <datafield tag="650" ind1=" " ind2=" ">
    <subfield code="a">Collaboration</subfield>
  </datafield>
  <datafield tag="650" ind1=" " ind2=" ">
    <subfield code="a">High performance teams</subfield>
  </datafield>
  <datafield tag="650" ind1=" " ind2=" ">
    <subfield code="a">Management</subfield>
  </datafield>
  <datafield tag="700" ind1=" " ind2=" ">
    <subfield code="a">Bresman, Henrik</subfield>
  </datafield>
  <datafield tag="942" ind1=" " ind2=" ">
    <subfield code="2">ddc</subfield>
    <subfield code="c">BK</subfield>
  </datafield>
  <datafield tag="999" ind1=" " ind2=" ">
    <subfield code="c">21561</subfield>
    <subfield code="d">21561</subfield>
  </datafield>
  <datafield tag="952" ind1=" " ind2=" ">
    <subfield code="0">0</subfield>
    <subfield code="1">0</subfield>
    <subfield code="2">ddc</subfield>
    <subfield code="4">0</subfield>
    <subfield code="7">0</subfield>
    <subfield code="a">SOBD</subfield>
    <subfield code="b">SOBD</subfield>
    <subfield code="d">2026-02-17</subfield>
    <subfield code="e">All India Book House</subfield>
    <subfield code="f">INR</subfield>
    <subfield code="g">1350.00</subfield>
    <subfield code="o">658.4022 ANC-X1</subfield>
    <subfield code="p">008291</subfield>
    <subfield code="r">2026-03-03</subfield>
    <subfield code="t">1</subfield>
    <subfield code="w">2026-02-17</subfield>
    <subfield code="y">REF</subfield>
    <subfield code="k">NA/IN/1929</subfield>
  </datafield>
  <datafield tag="952" ind1=" " ind2=" ">
    <subfield code="0">0</subfield>
    <subfield code="1">0</subfield>
    <subfield code="2">ddc</subfield>
    <subfield code="4">0</subfield>
    <subfield code="7">0</subfield>
    <subfield code="a">SOBD</subfield>
    <subfield code="b">SOBD</subfield>
    <subfield code="d">2026-02-17</subfield>
    <subfield code="e">All India Book House</subfield>
    <subfield code="f">INR</subfield>
    <subfield code="g">1350.00</subfield>
    <subfield code="o">658.4022 ANC-X2</subfield>
    <subfield code="p">008292</subfield>
    <subfield code="r">2026-03-03</subfield>
    <subfield code="t">2</subfield>
    <subfield code="w">2026-02-17</subfield>
    <subfield code="y">BK</subfield>
    <subfield code="k">NA/IN/1929</subfield>
  </datafield>
  <datafield tag="952" ind1=" " ind2=" ">
    <subfield code="0">0</subfield>
    <subfield code="1">0</subfield>
    <subfield code="2">ddc</subfield>
    <subfield code="4">0</subfield>
    <subfield code="7">0</subfield>
    <subfield code="a">SOBD</subfield>
    <subfield code="b">SOBD</subfield>
    <subfield code="d">2026-02-17</subfield>
    <subfield code="e">All India Book House</subfield>
    <subfield code="f">INR</subfield>
    <subfield code="g">1350.00</subfield>
    <subfield code="o">658.4022 ANC-X3</subfield>
    <subfield code="p">008293</subfield>
    <subfield code="r">2026-03-03</subfield>
    <subfield code="t">3</subfield>
    <subfield code="w">2026-02-17</subfield>
    <subfield code="y">BK</subfield>
    <subfield code="k">NA/IN/1929</subfield>
  </datafield>
</record>
